000 01268nam a22002657a 4500
003 NALT
005 20251125233003.0
008 s2548 th tha d
020 _a9749287169
040 _aNALT
041 _atha
_heng
050 _aHV 6769
_bฮ869ค 2548
100 1 _aแฮรีส, ก๊อดฟรีย์.
_958292
245 1 0 _aคอรัปชั่นในสังคมอเมริกัน =
_bCorruption : how to deal with its impact on business and society /
_cแฮรีส, ก๊อดฟรีย์ แต่ง สมใจ รักษาศรี แปล เรียบเรียง.
246 3 1 _aCorruption :
_bhow to deal with its impact on business and society.
260 _aกรุงเทพฯ :
_bโฟร์เพซ,
_c2548
300 _a117 หน้า :
_bตาราง ;
_c18 ซม.
650 0 4 _aคอรัปชั่น
650 0 4 _aบริษัท -- การทุจริต -- สหรัฐอเมริกา
700 0 _aสมใจ รักษาศรี
_958293
850 _aNALT
856 4 0 _uhttps://hdl.handle.net/20.500.14156/424353
942 _cGB
_2lcc
999 _c47931
_d47931
998 _j109
_k นางสาวอารีรัตน์ วิชาช่าง